|
|
|
|
| LEADER |
00798cam a2200229 7i4500 |
| 001 |
0000052800 |
| 005 |
20190708090000.0 |
| 008 |
190708 eng |
| 020 |
|
|
|a 9780273752431 (global ed.)
|
| 020 |
|
|
|a 027375243X (global ed.)
|
| 090 |
0 |
0 |
|a HF5415
|b .K68 2012
|
| 100 |
1 |
|
|a Kotler, Philip
|
| 245 |
1 |
0 |
|a Principles of marketing
|c Philip Kotler, Gary Armstrong.
|
| 250 |
|
|
|a 14th ed.
|
| 260 |
|
|
|a Boston:
|b Pearson,
|c 2012.
|
| 300 |
|
|
|a xxiv, 637 p.:
|b ill.;
|c 29 cm.
|
| 504 |
|
|
|a Includes bibliographical references and index
|
| 650 |
0 |
0 |
|a Marketing
|
| 700 |
1 |
|
|a Armstrong, Gary
|
| 997 |
|
|
|a Business & Accountancy, Faculty
|
| 997 |
|
|
|a Communication, Visual Art & Computing, Faculty
|b Communication, Department
|
| 999 |
|
|
|a 0000065366
|b BOK
|c OPEN SHELF
|e 1st Floor, Shah Alam
|